Poésie à trous : Le dormeur du val - Arthur Rimbaud - Statistiques

Statistiques générales
  • Ce quiz a été pris 75 fois
  • Le résultat moyen est 9 sur 14
Statistiques - réponses
Poème Le dormeur du val % Correct
Le dormeur du val Un {soldat} jeune, bouche ouverte, tête nue,
87%
Le dormeur du val C’est un trou de verdure où chante {une} {rivière},
77%
Le dormeur du val Tranquille. Il a {deux} {trous} rouges au côté droit.
77%
Le dormeur du val Nature, berce-le chaudement : il a {froid}.
75%
Le dormeur du val Accrochant follement aux {herbes} des haillons
72%
Le dormeur du val Les parfums ne font pas frissonner sa {narine} ;
65%
Le dormeur du val Et la {nuque} baignant dans le frais cresson bleu,
60%
Le dormeur du val Sourirait un {enfant} {malade}, il fait un somme :
57%
Le dormeur du val Les pieds dans les glaïeuls, {il} {dort}. Souriant comme
55%
Le dormeur du val Il dort dans le soleil, la main sur {sa} {poitrine},
53%
Le dormeur du val D’argent ; où le soleil, de {la} {montagne} fière,
47%
Le dormeur du val Luit : c’est un {petit} {val} qui mousse de rayons.
47%
Le dormeur du val Pâle dans son {lit} {vert} où la lumière pleut.
43%
Le dormeur du val Dort ; il est étendu {dans} {l}’{herbe}, sous la nue,
40%
Aucun quiz correspondant
Distribution des résultats
% des personnes avec chaque résultat
Percentile par nombre de réponses
Votre historique - résultats
Vous n’avez pas pris ce quiz